Najczęstsze kolory we w flagach - Statystyki

Ogólne statystyki
  • Ten quiz został rozwiązany 211 razy
  • Średni wynik to 8 z 9
Statystyki odpowiedzi
Liczba państw Kolor % Poprawnych
147 Biały
100%
153 Czerwony
100%
102 Niebieski
99%
61 Żółty
99%
89 Zielony
98%
52 Czarny
97%
7 Pomarańczowy
86%
3 Fioletowy
83%
1 Brązowy
61%
Nie znaleziono quizów pasujących do podanych kryteriów
Rozkład punktacji
Procent ludzi z każdym wynikiem
Percentyl według liczby udzielonych odpowiedzi
Twoja historia wyników
Nie rozwiązałeś tego quizu